Tilastot visalle 5 maailman pääkaupunkia kartalla 25 sekunnissa

Klikkaa tästä pelataksesi tätä visaa!

Yleistilastot

  • Tätä visaa on pelattu 61 kertaa
  • Keskiarvotulos 3 / 5

Vastaukset kartalla

Vastauksille on annettu kartalla punavihreä väri sen mukaan, kuinka moni on saanut sen oikein.
 

Vastaustilastot

pääkaupunki% Oikein
Andorra la Vella
100%
Chișinău
100%
Kinshasa
100%
Kööpenhamina
100%
Luxemburg
100%
Masqat
100%
México
100%
Paramaribo
100%
Tirana
100%
Varsova
100%
Kampala
50%
São Tomé
50%
Abu Dhabi
0%
Abuja
0%
Accra
0%
Addis Abeba
0%
Alger
0%
Amman
0%
Amsterdam
0%
Ankara
0%
Antananarivo
0%
Apia
0%
Ašgabat
0%
Asmara
0%
Asunción
0%
Ateena
0%
Bagdad
0%
Baku
0%
Bamako
0%
Bandar Seri Begawan
0%
Bangkok
0%
Bangui
0%
Banjul
0%
Basseterre
0%
Beirut
0%
Belgrade
0%
Belmopan
0%
Berliini
0%
Bern
0%
Biškek
0%
Bissau
0%
Bogotá
0%
Brasília
0%
Bratislava
0%
Brazzaville
0%
Bridgetown
0%
Bryssel
0%
Budapest
0%
Buenos Aires
0%
Bukarest
0%
Cairo
0%
Canberra
0%
Caracas
0%
Castries
0%
Colombo
0%
Conakry
0%
Dakar
0%
Damaskos
0%
Dhaka
0%
Dili
0%
Djibouti
0%
Dodoma
0%
Doha
0%
Dublin
0%
Dušanbe
0%
Etelä-Tarawa
0%
Freetown
0%
Funafuti
0%
Gaborone
0%
Georgetown
0%
Gitega
0%
Guatemala
0%
Hanoi
0%
Harare
0%
Havanna
0%
Helsinki
0%
Honiara
0%
Islamabad
0%
Jakarta
0%
Jerevan
0%
Jerusalem
0%
Juba
0%
Kabul
0%
Kathmandu
0%
Khartum
0%
Kigali
0%
Kingston
0%
Kingstown
0%
Kiova
0%
Kuala Lumpur
0%
Kuwait
0%
La Paz tai Sucre
0%
Libreville
0%
Lilongwe
0%
Lima
0%
Lissabon
0%
Ljubljana
0%
Lomé
0%
Lontoo
0%
Luanda
0%
Lusaka
0%
Madrid
0%
Majuro
0%
Malabo
0%
Malé
0%
Managua
0%
Manama
0%
Manila
0%
Maputo
0%
Maseru
0%
Mbabane
0%
Minsk
0%
Mogadishu
0%
Monaco
0%
Monrovia
0%
Montevideo
0%
Moroni
0%
Moskova
0%
Nairobi
0%
Nassau
0%
Naypyidaw
0%
N'Djamena
0%
New Delhi
0%
Ngerulmud
0%
Niamey
0%
Nikosia
0%
Nouakchott
0%
Nukuʻalofa
0%
Nur-Sultan
0%
Oslo
0%
Ottawa
0%
Ouagadougou
0%
Palikir
0%
Panama City
0%
Paris
0%
Peking
0%
Phnom Penh
0%
Pjongjang
0%
Podgorica
0%
Port-au-Prince
0%
Port Louis
0%
Port Moresby
0%
Port of Spain
0%
Porto-Novo tai Cotonou
0%
Port Vila
0%
Praha
0%
Praia
0%
Pretoria, Kapkaupunki
tai Bloemfontein
0%
Pristina
0%
Quito
0%
Rabat
0%
Reykjavík
0%
Riad
0%
Riika
0%
Rooma | Vatikaanivaltio
0%
Roseau
0%
Saint George's
0%
Saint John's
0%
Sanaa
0%
San José
0%
San Marino
0%
San Salvador
0%
Santiago
0%
Santo Domingo
0%
Sarajevo
0%
Singapore
0%
Skopje
0%
Sofia
0%
Soul
0%
Suva
0%
Taipei
0%
Tallinna
0%
Taškent
0%
Tbilisi
0%
Tegucigalpa
0%
Teheran
0%
Thimphu
0%
Tokio
0%
Tripoli
0%
Tukholma
0%
Tunis
0%
Ulaanbaatar
0%
Vaduz
0%
Valletta
0%
Victoria
0%
Vientiane
0%
Vilna
0%
Washington
0%
Wellington
0%
Wien
0%
Windhoek
0%
Yamoussoukro
0%
Yaoundé
0%
Yaren
0%
Zagreb
0%

Tulosjakauma

Persentiili vastausten määrän mukaan

Jokaisen tuloksen saaneiden osuus

Tuloshistoriasi

Et ole pelannut tätä visaa